'W' Cartoon Characters by Picture Quiz Stats

 Plays Quiz Updated Dec 2, 2016

Challenge
Share
Tweet
Score 0/20 Timer 06:00
9 Plays Today
Column Character % Correct
Winnie the Pooh
97.9%
Sheriff Woody
96.7%
WALL·E
92.6%
Waldo
91.4%
Wonder Woman
89.7%
Wendy Darling
89.3%
Wolverine
83.3%
Wilma Flintstone
82.7%
Wreck-It Ralph
81.8%
Wario
79.2%
Column Character % Correct
Wile E. Coyote
75.1%
Wanda
73.4%
Wallace
71.9%
White Rabbit
62.8%
Willy Wonka
57.1%
Weedle
42.7%
Wakko Warner
37.8%
Wendell Borton
16.6%
Webby Vanderquack
12%
Wiggins
7.3%

You're not logged in!

Compare scores with friends on all Sporcle quizzes.
Join for Free
OR
Log In

You Might Also Like...

Show Comments

Extras

Top Quizzes Today


Score Distribution

Your Account Isn't Verified!

In order to create a playlist on Sporcle, you need to verify the email address you used during registration. Go to your Sporcle Settings to finish the process.

Report this User

Report this user for behavior that violates our Community Guidelines.

Details: